Shakespeare or Fake-speare? Quiz Stats

 Plays Quiz Updated Sep 12, 2013

Support Sporcle.
Go Orange.
Score 0/38 Timer 04:00
0 Plays Today
% Correct
???
70.1%
???
69.5%
???
69.5%
???
68.9%
???
68.3%
???
67.5%
???
67.3%
???
66.3%
???
65.7%
???
65.2%
???
64.6%
???
64.1%
???
61.5%
???
61.2%
???
60.7%
???
59.8%
???
58.2%
???
58.1%
???
57.8%
% Correct
???
57.6%
???
57.2%
???
56%
???
54.5%
???
53.4%
???
53.2%
???
53.1%
???
52.8%
???
52.6%
???
52.5%
???
48%
???
47.1%
???
46.2%
???
43%
???
41.1%
???
37.8%
???
36.4%
???
30.4%
???
27.6%

From the Vault

Punny Businesses!

by popestcyril

The pun game is strong with these entrepreneurs. Or should we say, entre-PUN-neurs!
Remove Ads.
Support Sporcle.
Get the best of Sporcle when you Go Orange. This ad-free experience offers more features, more stats, and more fun while also helping to support Sporcle. Thank you for becoming a member.

Show Comments

Extras

Top Quizzes Today


Score Distribution

Your Account Isn't Verified!

In order to create a playlist on Sporcle, you need to verify the email address you used during registration. Go to your Sporcle Settings to finish the process.

Report this User

Report this user for behavior that violates our Community Guidelines.

Details: